Juries of the damned Quiz Stats

 Plays Quiz not verified by Sporcle

Also try: Making Names
Challenge
Share
Tweet
Embed
Score 0/14 Timer 10:00
0 Plays Today
Jury Juror % Correct
Homer SimpsonLizzie Borden
74.3%
Daniel WebsterEdward Teach
60%
Homer SimpsonEdward Teach
60%
Homer SimpsonRichard Nixon
52.9%
Homer SimpsonThe starting line of the 1976 Philadelphia Flyers
50%
Homer SimpsonBenedict Arnold
44.3%
Homer SimpsonJohn Wilkes Booth
44.3%
Jury Juror % Correct
Homer SimpsonJohn Dillinger
27.1%
Daniel WebsterMetacomet
11.4%
Daniel WebsterWalter Butler
10%
Daniel WebsterSimon Girty
10%
Daniel WebsterJohn Smeet
10%
Daniel WebsterThomas Dale
8.6%
Daniel WebsterThomas Morton
8.6%

You're not logged in!

Compare scores with friends on all Sporcle quizzes.
Join for Free
OR
Log In

You Might Also Like...

Show Comments

Extras

Top Quizzes Today


Score Distribution

Your Account Isn't Verified!

In order to create a playlist on Sporcle, you need to verify the email address you used during registration. Go to your Sporcle Settings to finish the process.

Report this User

Report this user for behavior that violates our Community Guidelines.

Details: